<?xml version="1.0" encoding="UTF-8"?>
<record
    xmlns:xsi="http://www.w3.org/2001/XMLSchema-instance"
    xsi:schemaLocation="http://www.loc.gov/MARC21/slim http://www.loc.gov/standards/marcxml/schema/MARC21slim.xsd"
    xmlns="http://www.loc.gov/MARC21/slim">

  <leader>01556nam a22002777a 4500</leader>
  <datafield tag="999" ind1=" " ind2=" ">
    <subfield code="c">111569</subfield>
    <subfield code="d">111569</subfield>
  </datafield>
  <controlfield tag="003">dpl</controlfield>
  <controlfield tag="005">20190222115554.0</controlfield>
  <controlfield tag="008">190222b           ||||| |||| 00| 0 eng d</controlfield>
  <datafield tag="010" ind1=" " ind2=" ">
    <subfield code="a">A-963116</subfield>
  </datafield>
  <datafield tag="020" ind1=" " ind2=" ">
    <subfield code="c">200.00</subfield>
  </datafield>
  <datafield tag="035" ind1=" " ind2=" ">
    <subfield code="a">A-963116, A-963121</subfield>
  </datafield>
  <datafield tag="037" ind1=" " ind2=" ">
    <subfield code="b">Cen Lib/Ret</subfield>
  </datafield>
  <datafield tag="040" ind1=" " ind2=" ">
    <subfield code="a">DPL</subfield>
    <subfield code="b">HN</subfield>
    <subfield code="c">0</subfield>
  </datafield>
  <datafield tag="082" ind1=" " ind2=" ">
    <subfield code="a">820.8</subfield>
    <subfield code="b">&#x916;&#x923;&#x94D;&#x921;&#x947;&#x932;</subfield>
  </datafield>
  <datafield tag="100" ind1=" " ind2=" ">
    <subfield code="a">&#x916;&#x923;&#x94D;&#x921;&#x947;&#x932;&#x935;&#x93E;&#x932;, &#x930;&#x93E;&#x92E;&#x947;&#x936;&#x94D;&#x935;&#x930; &#x932;&#x93E;&#x932; </subfield>
    <subfield code="9">43512</subfield>
  </datafield>
  <datafield tag="245" ind1=" " ind2=" ">
    <subfield code="a">&#x938;&#x943;&#x91C;&#x928;, &#x938;&#x92E;&#x940;&#x915;&#x94D;&#x937;&#x93E; &#x914;&#x930; &#x936;&#x94B;&#x927; :</subfield>
    <subfield code="c">&#x930;&#x93E;&#x92E;&#x947;&#x936;&#x94D;&#x935;&#x930; &#x932;&#x93E;&#x932; &#x916;&#x923;&#x94D;&#x921;&#x947;&#x932;&#x935;&#x93E;&#x932;</subfield>
    <subfield code="b">&#x939;&#x93F;&#x902;&#x926;&#x940; &#x938;&#x93E;&#x939;&#x93F;&#x924;&#x94D;&#x92F; &#x915;&#x947; &#x935;&#x93F;&#x936;&#x94D;&#x935;&#x93F;&#x926;&#x94D;&#x92F;&#x93E;&#x932;&#x92F; &#x905;&#x927;&#x94D;&#x92F;&#x947;&#x924;&#x93E;&#x913;&#x902; &#x924;&#x925;&#x93E; &#x936;&#x94B;&#x927;&#x93E;&#x930;&#x94D;&#x925;&#x93F;&#x92F;&#x94B;&#x902; &#x915;&#x947; &#x932;&#x93F;&#x90F; &#x938;&#x93E;&#x939;&#x93F;&#x924;&#x94D;&#x92F;&#x93F;&#x915; &#x928;&#x93F;&#x92C;&#x902;&#x927; /</subfield>
  </datafield>
  <datafield tag="246" ind1=" " ind2=" ">
    <subfield code="a">Srijan, Sameeksha aur shodh : hindi sahitye ke vishvidhyalaya adhyetaaon tatha shodharthiyon ke liye sahityik nibandh</subfield>
    <subfield code="b">by Rameshwar Lal Khandelwal</subfield>
  </datafield>
  <datafield tag="260" ind1=" " ind2=" ">
    <subfield code="b">&#x928;&#x940;&#x930;&#x91C; &#x92C;&#x941;&#x915; &#x938;&#x947;&#x902;&#x91F;&#x930; </subfield>
    <subfield code="a">&#x926;&#x93F;&#x932;&#x94D;&#x932;&#x940; </subfield>
    <subfield code="c">1998</subfield>
  </datafield>
  <datafield tag="270" ind1=" " ind2=" ">
    <subfield code="a">&#x906;&#x930;&#x94D;&#x92F;&#x947;&#x928;&#x917;&#x930; &#x917;&#x94D;&#x930;&#x941;&#x92A; &#x939;&#x93E;&#x909;&#x938;&#x93F;&#x902;&#x917; &#x938;&#x94B;&#x938;&#x93E;&#x907;&#x91F;&#x940; &#x92B;&#x94D;&#x932;&#x948;&#x91F; &#x928;.&#x938;&#x940; -32 &#x92A;&#x91F;&#x92A;&#x921;&#x93C;&#x917;&#x902;&#x91C; </subfield>
    <subfield code="b">&#x926;&#x93F;&#x932;&#x94D;&#x932;&#x940; </subfield>
    <subfield code="e">110092</subfield>
  </datafield>
  <datafield tag="300" ind1=" " ind2=" ">
    <subfield code="a">183&#x92A;&#x943;. </subfield>
    <subfield code="c">20&#x938;&#x947;&#x92E;&#x940; (&#x938;&#x91C;&#x93F;&#x932;&#x94D;&#x926;)</subfield>
  </datafield>
  <datafield tag="650" ind1=" " ind2=" ">
    <subfield code="a">&#x906;&#x927;&#x94D;&#x92F;&#x93E;&#x924;&#x94D;&#x92E;&#x93F;&#x915; &#x915;&#x935;&#x93F;&#x924;&#x93E; </subfield>
    <subfield code="9">3173</subfield>
  </datafield>
  <datafield tag="650" ind1=" " ind2=" ">
    <subfield code="a">&#x939;&#x93F;&#x902;&#x926;&#x940; &#x938;&#x93E;&#x939;&#x93F;&#x924;&#x94D;&#x92F; </subfield>
    <subfield code="9">43513</subfield>
  </datafield>
  <datafield tag="650" ind1=" " ind2=" ">
    <subfield code="a">Spiritual poem</subfield>
    <subfield code="9">43514</subfield>
  </datafield>
  <datafield tag="650" ind1=" " ind2=" ">
    <subfield code="a">Hindi literature</subfield>
    <subfield code="9">43515</subfield>
  </datafield>
  <datafield tag="942" ind1=" " ind2=" ">
    <subfield code="2">ddc</subfield>
    <subfield code="c">HN</subfield>
    <subfield code="h">820.8</subfield>
    <subfield code="m">&#x916;&#x923;&#x94D;&#x921;&#x947;&#x932;</subfield>
  </datafield>
  <datafield tag="952" ind1=" " ind2=" ">
    <subfield code="0">4</subfield>
    <subfield code="1">0</subfield>
    <subfield code="4">0</subfield>
    <subfield code="7">0</subfield>
    <subfield code="a">L</subfield>
    <subfield code="b">L</subfield>
    <subfield code="d">2015-08-03</subfield>
    <subfield code="e">Cen Lib/Ret</subfield>
    <subfield code="g">200.00</subfield>
    <subfield code="l">0</subfield>
    <subfield code="o">820.8 &#x916;&#x923;&#x94D;&#x921;&#x947;&#x932;</subfield>
    <subfield code="p">A-963116</subfield>
    <subfield code="r">2015-08-03 00:00:00</subfield>
    <subfield code="t">1</subfield>
    <subfield code="v">200.00</subfield>
    <subfield code="w">2015-08-03</subfield>
    <subfield code="y">HN</subfield>
    <subfield code="z">Written off on approval by DLB (By Circulation); dtd 15-06-2023</subfield>
  </datafield>
  <datafield tag="952" ind1=" " ind2=" ">
    <subfield code="0">0</subfield>
    <subfield code="1">0</subfield>
    <subfield code="2">ddc</subfield>
    <subfield code="4">0</subfield>
    <subfield code="7">0</subfield>
    <subfield code="8">NFIC</subfield>
    <subfield code="a">BL4</subfield>
    <subfield code="b">BL4</subfield>
    <subfield code="d">2019-02-22</subfield>
    <subfield code="e">BPPD/PUB</subfield>
    <subfield code="g">200.00</subfield>
    <subfield code="l">0</subfield>
    <subfield code="o">820.8 &#x916;&#x923;&#x94D;&#x921;&#x947;&#x932;</subfield>
    <subfield code="p">A-963121</subfield>
    <subfield code="r">2019-02-22 00:00:00</subfield>
    <subfield code="v">200.00</subfield>
    <subfield code="w">2019-02-22</subfield>
    <subfield code="y">HN</subfield>
  </datafield>
</record>
